000
00208 a2200097 4500
001
11038
100
_a
A. Z. Khan
245
_a
History and Culture of Sind
260
_a
_b
Royal book
_c
090
_c
8604
_d
8604
942
_a
NUST-CAE
_c
M
_c
35383
999
_c
246111
_d
246111